000 00451nam a22001697a 4500
005 20250416172412.0
008 250401b |||||||| |||| 00| 0 eng d
020 _a9781787153691
041 _aeng
082 _a332.4 PRE
100 _aPresser, Demian
245 _aBlockchain and Cryptocurrencies
260 _aUK
_bKruger Brentt Publishers UK Ltd.
_c2025
300 _a311;. Pages 25cm
650 _a Blockchain; Cryptocurrencies
942 _cBK
999 _c43512
_d43512